Информационная технология оценки потенциала бакалавров; Информационные и математические технологии в науке и управлении; Т. 2
| Parent link: | Информационные и математические технологии в науке и управлении: труды XX Байкальской Всероссийской конференции, г. Иркутск, 30 июня - 7 июля, 2015 г./ Российская академия наук (РАН), Сибирское отделение (СО), Институт систем энергетики им. Л. А. Мелентьева (ИСЭМ) ; под ред. Л. В. Массель.— , 2015 Т. 2.— 2015.— [С. 83-90] |
|---|---|
| Auteur principal: | |
| Collectivité auteur: | |
| Autres auteurs: | |
| Résumé: | Заглавие с экрана Режим доступа: по договору с организацией-держателем ресурса |
| Langue: | russe |
| Publié: |
2015
|
| Sujets: | |
| Accès en ligne: | http://elibrary.ru/item.asp?id=24206535 |
| Format: | Électronique Chapitre de livre |
| KOHA link: | https://koha.lib.tpu.ru/cgi-bin/koha/opac-detail.pl?biblionumber=647369 |
MARC
| LEADER | 00000naa0a2200000 4500 | ||
|---|---|---|---|
| 001 | 647369 | ||
| 005 | 20250618094035.0 | ||
| 035 | |a (RuTPU)RU\TPU\network\12508 | ||
| 035 | |a RU\TPU\network\12494 | ||
| 090 | |a 647369 | ||
| 100 | |a 20160406d2015 k y0rusy50 ca | ||
| 101 | 0 | |a rus | |
| 102 | |a RU | ||
| 135 | |a drcn ---uucaa | ||
| 181 | 0 | |a i | |
| 182 | 0 | |a b | |
| 200 | 1 | |a Информационная технология оценки потенциала бакалавров |f Е. Е. Мокина, Е. В. Берестнева | |
| 203 | |a Текст |c электронный | ||
| 300 | |a Заглавие с экрана | ||
| 320 | |a [Библиогр.: с. 90 (5 назв.)] | ||
| 333 | |a Режим доступа: по договору с организацией-держателем ресурса | ||
| 461 | |t Информационные и математические технологии в науке и управлении |o труды XX Байкальской Всероссийской конференции, г. Иркутск, 30 июня - 7 июля, 2015 г. |o в 3-х т. |f Российская академия наук (РАН), Сибирское отделение (СО), Институт систем энергетики им. Л. А. Мелентьева (ИСЭМ) ; под ред. Л. В. Массель |d 2015 | ||
| 463 | |t Т. 2 |v [С. 83-90] |d 2015 | ||
| 610 | 1 | |a электронный ресурс | |
| 610 | 1 | |a труды учёных ТПУ | |
| 610 | 1 | |a бакалавры | |
| 610 | 1 | |a информационная оценка | |
| 700 | 1 | |a Мокина |b Е. Е. |c специалист в области информатики и вычислительной техники |c старший преподаватель Томского политехнического университета, инженер |f 1978- |g Елена Евгеньевна |3 (RuTPU)RU\TPU\pers\26572 |9 12261 | |
| 701 | 1 | |a Берестнева |b Е. В. |c специалист в области информатики и вычислительной техники |c программист Томского политехнического университета |f 1991- |g Елена Викторовна |3 (RuTPU)RU\TPU\pers\35069 | |
| 712 | 0 | 2 | |a Национальный исследовательский Томский политехнический университет (ТПУ) |b Институт кибернетики (ИК) |b Кафедра оптимизации систем управления (ОСУ) |3 (RuTPU)RU\TPU\col\18702 |
| 801 | 2 | |a RU |b 63413507 |c 20160506 |g RCR | |
| 850 | |a 63413507 | ||
| 856 | 4 | |u http://elibrary.ru/item.asp?id=24206535 | |
| 942 | |c CF | ||